000 00441nam a2200181Ia 4500
001 13734
005 20260306164823.0
008 260306t2004||||xx |||||||||||||| ||spa||
041 _aESP
082 _a005.133C2
_bP42
100 _aPeñaloza Romero, Ernesto
_eAUT
245 0 _aFundamentos de programación C/C++
260 _c2004
300 _a549 páginas :
_c23 cm.
650 _aGEN
654 _aCCC
942 _cLIB
_dJUS
_fJUS
_2ddc
_n
999 _c13734
_d13734